000 00562nam a22001937a 4500
003 NUST
005 20230126150558.0
008 190703b ||||| |||| 00| 0 eng d
038 _aMr. Zahoor
082 _a510
100 _aIdrees, Amna
_916586
245 _aMethods for Solutions of Fractional Differential Equations
_cAmna Idrees
260 _aIslamabad :
_bSNS - NUST,
_c2017.
300 _avii, 72 p. : ill. ;
_c30cm.
500 _aHardcover.
650 _aMathematics - Ms Thesis
_916139
700 _aDr. Mujeeb ur Rehman
_916447
942 _2ddc
_cTHE
999 _c525652
_d525652